Pramana, Journal of Physics (Record no. 4393)

MARC details
000 -LEADER
fixed length control field 00319nam a22001337a 4500
005 - DATE AND TIME OF LATEST TRANSACTION
control field 20160628111314.0
008 - FIXED-LENGTH DATA ELEMENTS--GENERAL INFORMATION
fixed length control field 160628b xxu||||| |||| 00| 0 eng d
041 ## - LANGUAGE CODE
Language code of text/sound track or separate title eng
082 ## - DEWEY DECIMAL CLASSIFICATION NUMBER
Item number 10749
245 ## - TITLE STATEMENT
Title Pramana, Journal of Physics
260 ## - PUBLICATION, DISTRIBUTION, ETC. (IMPRINT)
Name of publisher Indian Academy of Sciences
Year of publication 188
650 ## - SUBJECT ADDED ENTRY--TOPICAL TERM
Topical Term Journal
942 ## - ADDED ENTRY ELEMENTS (KOHA)
Koha item type Journals/Serial
Holdings
Lost status Damaged status Home library Date acquired Cost, normal purchase price Full call number Accession Number Koha item type
    JRU Library 28/06/2016 50.00 10749 10749 Journals/Serial